| 000 | 01244nmm a2200349 a 4500 | ||
|---|---|---|---|
| 001 | ocm0002347796 | ||
| 003 | TR-IsHL | ||
| 005 | 20201028185924.0 | ||
| 008 | 191221s2019 tu tur | ||
| 007 | cr cn | ||
| 020 | _a9786057654199 | ||
| 035 |
_a2347796 _b(N$T) |
||
| 050 | 0 | 4 |
_aPL44.9.A36 _bA5 2019 |
| 090 | 0 | 4 |
_aPL44.9.A36 _bA5 2019 |
| 100 | 1 | _aAkmataliev, Abdılcan | |
| 245 | 1 | 0 |
_aCengiz Aytmatov günlükleri _h[electronic resource] / _cAbdılcan Akmataliev ; editörler Doç. Dr. Cıldız İsmailova, Dr. Mustafa Kundakcı ; çevirenler Doç. Dr. Cıldız İsmailova Dr. Mustafa Kundakcı |
| 250 | _a1. Baskı | ||
| 260 |
_aAnkara : _bBengü Yayınları, _c2019 |
||
| 300 | _a276 p. | ||
| 650 | 4 | _aDil ve Edebiyat | |
| 650 | 4 | _aLanguage and Literature | |
| 650 | 0 | _aAytmatov, Cengiz | |
| 650 | 0 | _aAĭtmatov, Chingiz | |
| 650 | 0 | _aYazarlar, Kırgız | |
| 650 | 0 | _aAuthors, Kyrgyz | |
| 650 | 7 |
_aLITERARY COLLECTIONS / Russian & Former Soviet Union _2bisacsh |
|
| 700 | 1 | _aİsmailova, Cıldız | |
| 700 | 1 | _aKundakcı, Mustafa | |
| 700 | 1 | _aİsmailova, Cıldız | |
| 700 | 1 | _aKundakcı, Mustafa | |
| 856 | 4 | 0 | _uhttp://search.ebscohost.com/login.aspx?direct=true&scope=site&db=e011xww&AN=2347796 |
| 999 |
_c21685 _d21685 |
||